000 00898nas a2200289 4500
001 BR0304591
003 BR-BrBNA
005 20231205104050.0
007 ta
008 230509b bl.|||p| |||| 00| 00por d
040 _aBR-BrBNA
_bpor
_cBiblioteca Nacional de Agricultura
041 _a(Pt)
072 _aP10
100 1 _aMedeiros, S. de S.
100 1 _aSoares, A.A.
100 1 _aRamos, M.M.
100 1 _aMantovani, E.C.
100 1 _aSouza, J.A.A. de
245 1 _aAvaliação do manejo de irrigação no perímetro irrigado de Pirapora, MG
650 _aMANEJO DE ÁGUA
650 _aBALANÇO HÍDRICO
650 _aPERÍMETRO IRRIGADO
650 _aMINAS GERAIS
773 0 _tRevista Brasileira de Engenharia Agrícola e Ambiental (Brazil)
_xISSN 1415-4366
_g(Jan-Apr 2003), v. 7(1) p. 80-84
_wBR0304591
909 _a202311
_bLúcia
_c55
_dLúcia Elande
942 _2AGRIS
_n0
_cANA
999 _c176165
_d176165